[Event "Valladolid op"]
[Site "Valladolid"]
[Date "2012.02.16"]
[Round "1"]
[White "Aguirre Urrutia, Juan Jose"]
[Black "Alonso Iturbe, Gonzalo"]
[Result "1-0"]
[WhiteElo "1735"]
[BlackElo "1578"]
[PlyCount "75"]
[EventDate "2012.02.16"]
[EventType "swiss"]
[EventRounds "7"]
[EventCountry "ESP"]
[SourceTitle "EXT 2014"]
[Source "ChessBase"]
[SourceDate "2013.11.20"]
[SourceVersion "1"]
[SourceVersionDate "2013.11.20"]
[SourceQuality "1"]

1. e4 e5 2. Nf3 d6 3. d4 exd4 4. Nxd4 g6 5. Be2 Bg7 6. c3 Nf6 7. f3 0-0 8. 0-0 c5 9. Nc2 Be6 10. Bg5 Qb6 11. Qc1 d5 12. exd5 Nxd5 13. Kh1 Re8 14. Re1 Bf5 15. Nca3 a6 16. Nc4 Qb5 17. Nd6 Qd7 18. Nxe8 Qxe8 19. Bc4 Qd7 20. Rd1 Be6 21. Bxd5 Bxd5 22. c4 Qf5 23. Rxd5 Qc8 24. Rd8+ Qxd8 25. Bxd8 Nc6 26. Bg5 Re8 27. Nc3 Nd4 28. Qd2 b5 29. cxb5 axb5 30. Re1 Ra8 31. Be3 Ne6 32. a3 b4 33. axb4 cxb4 34. Ne4 b3 35. Nc5 Nxc5 36. Bxc5 Ra2 37. Qd8+ Bf8 38. Qxf8# 1-0